00534nam a2200157 4500020000800000040001600008082001800024100003600042245007600078250001200154260004900166300003000215942001200245999001900257952010000276 qPB. cFIZZA ISHAQ a468.2421bHEN aHendrickson, James M. 9134169 aIntercambios: Spanish for Global Communication /cJames M. Hendrickson. a3rd ED. aLondon:bHeinle & Heinle Publishers, c1997. a346 P. ;c9 x 7.5 inches, 2ddccBK c617118d617118 00102ddc4070aNQCbNQCcGENd2026-04-16l0o468.2421 HENpQD-586r2026-04-16w2026-04-16yBK